| 000 | 00360nam a2200133Ia 4500 | ||
|---|---|---|---|
| 008 | 240624s9999 xx 000 0 und d | ||
| 041 | _aeng | ||
| 082 | _a823 GUE | ||
| 100 | _aGUEVARA ERNESTO CHE | ||
| 245 | _aBOLIVIAN DIARY THE UNTOLD STORY OF HIS F | ||
| 260 |
_c2006 _aNew Delhi _bHarper Perennial |
||
| 300 | _axi, : 303 : p. : cm. ; 20 | ||
| 365 |
_cRS _b25 |
||
| 999 |
_c18445 _d18445 |
||